000
00393nam a22001577a 4500
005
20251108172353.0
008
250721s1994 xx 000 0 ara d
082
1
4
_a
301.42/فاع
100
1
_a
الفاعوري، خليل
245
1
0
_a
الأسرة و الطفولة /
264
1
_a
عمان :
_c
1994.
300
_a
142ص
650
1
7
_a
الأسرة
942
_2
ddc
_c
BK
999
_c
77478
_d
77478